000 00502nam a2200193Ia 4500
003 LK-CoDNM
005 20240129144749.0
008 010623t1930 xxu||||| |||| 00| 1 sin d
040 _aLK-CoDNM
_dLK-CoDNM
_eLK-CoDNM
041 _asin
080 _a104
_bN 18
100 _aPerera,K.A.
245 _aයෝග රත්නාකරය
246 _aYoga ratnakaraya
260 _bK.D.Perera
_aColombo
_c1930
300 _b491p., 22 cm
700 _aRandunu,Don jhoj samarathunga
_eed.
942 _cBK
999 _c95486
_d95486